| 000 | 00438cam a2200157u 4500 | ||
|---|---|---|---|
| 082 |
_a621.801 _bGRE _cL-5 P-3 |
||
| 100 | 1 |
_aGreen, Walter George. [from old catalog] _942005 |
|
| 245 | 1 | 0 | _aTheory of machines. |
| 250 | _a[2d ed.] | ||
| 260 |
_aLondon, _bBlackie _c[1962] |
||
| 300 |
_axxi, 1064 p. _billus. _c23 cm. |
||
| 526 |
_a0 _b0 _c0 _d621_801000000000000_GRE |
||
| 650 | 0 |
_aMachinery. _941113 |
|
| 650 | 0 |
_aMCE _9379 |
|
| 942 |
_2ddc _cBK |
||
| 999 |
_c546010 _d546010 |
||